Vista normal
Vista MARC
Entrada Materia (personas)
Número de registros utilizados en: 2
001 - CONTROL NUMBER
- control field: 150249
003 - CONTROL NUMBER IDENTIFIER
- control field: Co-BoUCM
005 - DATE AND TIME OF LATEST TRANSACTION
- control field: 20211028083639.0
008 - FIXED-LENGTH DATA ELEMENTS
- fixed length control field: 211028|| aca||aabn | a|a d
040 ## - CATALOGING SOURCE
- Original cataloging agency: Co-BoUCM
- Transcribing agency: Co-BoUCM
100 ## - HEADING--PERSONAL NAME
- Personal name: Belarmino, Roberto
- Titles and other words associated with a name: Cardenal
- Dates associated with a name: 1542-1621
670 ## - SOURCE DATA FOUND
- Source citation: Work cat.: (Co-BoUCM)86968: Brodrick, James 150228, The life and work of Blessed Robert Francis, Cardinal Bellarmine, S.J., 1542-1621, 1928